The four seasons /

Bibliographic Details
Main Author: Vivaldi, Antonio, 1678-1741 (Composer)
Other Authors: Richter, Max (arranger of music.)
Format: Musical Score Book
Language:No linguistic content
Published: London : Chester Music, [2014]
Subjects:

MARC

Tag First Indicator Second Indicator Subfields
LEADER 00000ccm a2200000Ma 4500
001 in00003784913
005 20190329114605.0
008 140422t20142014enkcole n zxx d
016 7 |a 016693757  |2 Uk 
020 |a 9781783053193 
020 |a 1783053194 
028 3 2 |a CH81763  |b Chester Music 
035 |a (OCoLC)ocn881012565 
035 |a (OCoLC)881012565 
040 |a UKMGB  |b eng  |c UKMGB  |d OCLCO  |d OCLCF  |d YUS  |d UtOrBLW 
049 |a TXAM 
082 0 4 |a 787.2  |2 23 
090 |a M1113.V58  |b C56 2014 
100 1 |a Vivaldi, Antonio,  |d 1678-1741,  |e composer. 
240 1 0 |a Cimento dell'armonia e dell'inventione.  |n N. 1-4;  |o arranged 
245 1 4 |a The four seasons /  |c Vivaldi ; recomposed by Max Richter. 
246 3 0 |a Recomposed by Max Richter 
264 1 |a London :  |b Chester Music,  |c [2014] 
264 4 |c ©2014 
300 |a 1 score (87 pages) + 1 part (21 pages) ;  |c 31 cm 
336 |a notated music  |b ntm  |2 rdacontent 
337 |a unmediated  |b n  |2 rdamedia 
338 |a volume  |b nc  |2 rdacarrier 
500 |a "All the pieces from the album, arranged for violin and piano." 
500 |a Includes download card giving online access to backing tracks. 
546 |b Staff notation. 
650 0 |a Concertos (Violin with string orchestra), Arranged  |v Solo with piano.  |0 http://id.loc.gov/authorities/subjects/sh85030558 
650 7 |a Concertos (Violin with string orchestra), Arranged  |x Solo with piano.  |2 fast  |0 (OCoLC)fst00873988 
655 7 |a Scores.  |2 lcgft 
700 1 |a Richter, Max,  |e arranger of music.  |0 http://id.loc.gov/authorities/names/no97011200 
994 |a C0  |b TXA 
948 |a cataloged  |b h  |c 2019/03/29  |d c  |e blrosas  |f 11:17:49 am 
999 f f |s 8bb3a7f3-1f50-3428-9652-4d94add22e7c  |i 34f92fc8-e444-3684-ae81-01255dae6135  |t 0 
952 f f |p normal  |a Texas A&M University  |b College Station  |c Sterling C. Evans Library  |d Evans: Library Stacks  |t 0  |e M1113.V58 C56 2014  |h Library of Congress classification  |i unmediated -- volume  |m A14850691248 
998 f f |a M1113.V58 C56 2014  |t 0  |l Evans: Library Stacks